000 00248nam a2200109Ia 4500
008 190216s9999||||xx |||||||||||||| ||und||
100 _aDouglas Mc Gregor
245 0 _aHuman Side Of Enterprise
260 _bNull
_c1977
300 _a246p
942 _cBK
999 _c4082
_d4082